[Event "Deutscher Mix-Teampokal U12 2025"]
[Site "Bad Homburg GER"]
[Date "2025.07.19"]
[Round "2"]
[White "Bharathula, Akhila"]
[Black "Satheesh, Dharshini"]
[Result "1-0"]
[Termination "normal"]
[Board "1.3"]
[WhiteElo "1616"]
[BlackElo "1608"]
[WhiteClock "00:33:30"]
[BlackClock "00:00:31"]
[WhiteTeam "SC Noris-Tarrasch Nürnberg 1873"]
[BlackTeam "Düsseldorfer SK 14/25"]
[PlyCount "103"]
[WhiteFideId "34641777"]
[BlackFideId "34655441"]
[EventCountry "GER"]
[EventRounds "5"]
[EventType "team-swiss"]
[EventDate "2025.07.18"]

1. e4 {[%clk 00:55:08]} {[%emt 00:00:02]} e5 {[%clk 00:55:04]} {[%emt
00:00:07]} 2. Nc3 {[%clk 00:55:09]} {[%emt 00:00:03]} Nc6 {[%clk 00:53:42]}
{[%emt 00:01:26]} 3. Bc4 {[%clk 00:55:08]} {[%emt 00:00:07]} Bc5 {[%clk
00:53:21]} {[%emt 00:00:25]} 4. Qg4 {[%clk 00:55:06]} {[%emt 00:00:08]} g6
{[%clk 00:43:53]} {[%emt 00:09:33]} 5. Qg3 {[%clk 00:54:43]} {[%emt 00:00:28]}
Nf6 {[%clk 00:39:35]} {[%emt 00:04:22]} 6. d3 {[%clk 00:54:10]} {[%emt
00:00:39]} h6 {[%clk 00:34:53]} {[%emt 00:04:47]} 7. Nge2 {[%clk 00:53:34]}
{[%emt 00:00:41]} d6 {[%clk 00:33:10]} {[%emt 00:01:47]} 8. h3 {[%clk
00:52:58]} {[%emt 00:00:42]} Qe7 {[%clk 00:29:46]} {[%emt 00:03:27]} 9. Be3
{[%clk 00:52:04]} {[%emt 00:01:00]} Bb6 {[%clk 00:26:52]} {[%emt 00:02:58]} 10.
Bxb6 {[%clk 00:50:26]} {[%emt 00:01:44]} axb6 {[%clk 00:24:18]} {[%emt
00:02:38]} 11. O-O {[%clk 00:49:04]} {[%emt 00:01:27]} Nh5 {[%clk 00:19:10]}
{[%emt 00:05:13]} 12. Qe3 {[%clk 00:47:42]} {[%emt 00:01:24]} Qg5 {[%clk
00:17:51]} {[%emt 00:01:27]} 13. f4 {[%clk 00:43:13]} {[%emt 00:04:35]} exf4
{[%clk 00:17:08]} {[%emt 00:00:48]} 14. Nxf4 {[%clk 00:43:00]} {[%emt
00:00:17]} O-O {[%clk 00:12:48]} {[%emt 00:04:25]} 15. Qf2 {[%clk 00:40:52]}
{[%emt 00:01:56]} Nxf4 {[%clk 00:09:07]} {[%emt 00:04:04]} 16. Qxf4 {[%clk
00:40:42]} {[%emt 00:00:14]} Qxf4 {[%clk 00:08:44]} {[%emt 00:00:28]} 17. Rxf4
{[%clk 00:40:32]} {[%emt 00:00:15]} Nd4 {[%clk 00:07:36]} {[%emt 00:01:12]} 18.
Rf2 {[%clk 00:39:45]} {[%emt 00:00:50]} Bd7 {[%clk 00:07:00]} {[%emt 00:00:43]}
19. Raf1 {[%clk 00:38:58]} {[%emt 00:00:53]} Be6 {[%clk 00:05:45]} {[%emt
00:01:20]} 20. Nd5 {[%clk 00:38:18]} {[%emt 00:00:46]} b5 {[%clk 00:04:14]}
{[%emt 00:01:35]} 21. Ne7+ {[%clk 00:36:05]} {[%emt 00:02:18]} Kh7 {[%clk
00:03:47]} {[%emt 00:00:33]} 22. Bxe6 {[%clk 00:35:29]} {[%emt 00:00:41]} Nxe6
{[%clk 00:03:09]} {[%emt 00:00:42]} 23. Rxf7+ {[%clk 00:35:02]} {[%emt
00:00:32]} Rxf7 {[%clk 00:03:10]} {[%emt 00:00:04]} 24. Rxf7+ {[%clk 00:35:01]}
{[%emt 00:00:05]} Kh8 {[%clk 00:02:15]} {[%emt 00:01:59]} 25. Nxg6+ {[%clk
00:36:44]} {[%emt 00:00:20]} Kg8 {[%clk 00:02:14]} {[%emt 00:00:06]} 26. Re7
{[%clk 00:36:23]} {[%emt 00:00:23]} Nf8 {[%clk 00:00:53]} {[%emt 00:01:28]} 27.
Nxf8 {[%clk 00:36:04]} {[%emt 00:00:25]} Kxf8 {[%clk 00:00:54]} {[%emt
00:00:04]} 28. Rxc7 {[%clk 00:36:04]} {[%emt 00:00:05]} Rxa2 {[%clk 00:00:52]}
{[%emt 00:00:07]} 29. b3 {[%clk 00:35:30]} {[%emt 00:00:39]} Ra1+ {[%clk
00:00:34]} {[%emt 00:00:23]} 30. Kh2 {[%clk 00:35:20]} {[%emt 00:00:14]} Ra7
{[%clk 00:00:37]} {[%emt 00:00:03]} 31. Rd7 {[%clk 00:35:18]} {[%emt 00:00:07]}
Kg8 {[%clk 00:00:31]} {[%emt 00:00:11]} 32. Rxd6 {[%clk 00:35:12]} {[%emt
00:00:12]} Kh7 {[%clk 00:00:30]} {[%emt 00:00:05]} 33. Rd7+ {[%clk 00:35:07]}
{[%emt 00:00:09]} Kg6 {[%clk 00:00:32]} {[%emt 00:00:05]} 34. Rd6+ {[%clk
00:35:06]} {[%emt 00:00:05]} Kg7 {[%clk 00:00:30]} {[%emt 00:00:07]} 35. Kg3
{[%clk 00:34:56]} {[%emt 00:00:10]} Kh7 {[%clk 00:00:19]} {[%emt 00:00:21]} 36.
e5 {[%clk 00:34:51]} {[%emt 00:00:10]} Kg7 {[%clk 00:00:21]} {[%emt 00:00:03]}
37. d4 {[%clk 00:34:49]} {[%emt 00:00:06]} Kh7 {[%clk 00:00:21]} {[%emt
00:00:06]} 38. d5 {[%clk 00:34:39]} {[%emt 00:00:15]} Kg7 {[%clk 00:00:15]}
{[%emt 00:00:11]} 39. Rd7+ {[%clk 00:34:21]} {[%emt 00:00:14]} Kh8 {[%clk
00:00:16]} {[%emt 00:00:13]} 40. Re7 {[%clk 00:34:08]} {[%emt 00:00:17]} b4
{[%clk 00:00:10]} {[%emt 00:00:11]} 41. d6 {[%clk 00:34:09]} {[%emt 00:00:05]}
Kg8 {[%clk 00:00:11]} {[%emt 00:00:04]} 42. d7 {[%clk 00:34:08]} {[%emt
00:00:06]} Ra8 {[%clk 00:00:14]} {[%emt 00:00:03]} 43. Re8+ {[%clk 00:34:05]}
{[%emt 00:00:07]} Rxe8 {[%clk 00:00:15]} {[%emt 00:00:04]} 44. dxe8=Q+ {[%clk
00:33:58]} {[%emt 00:00:12]} Kg7 {[%clk 00:00:18]} {[%emt 00:00:02]} 45. Qd7+
{[%clk 00:33:51]} {[%emt 00:00:12]} Kg6 {[%clk 00:00:20]} {[%emt 00:00:02]} 46.
Qe7 {[%clk 00:33:47]} {[%emt 00:00:09]} b5 {[%clk 00:00:22]} {[%emt 00:00:05]}
47. Qf6+ {[%clk 00:33:44]} {[%emt 00:00:07]} Kh7 {[%clk 00:00:24]} {[%emt
00:00:04]} 48. Kg4 {[%clk 00:33:44]} {[%emt 00:00:04]} h5+ {[%clk 00:00:25]}
{[%emt 00:00:04]} 49. Kxh5 {[%clk 00:33:38]} {[%emt 00:00:11]} Kg8 {[%clk
00:00:28]} {[%emt 00:00:03]} 50. Qe7 {[%clk 00:33:32]} {[%emt 00:00:10]} Kh8
{[%clk 00:00:29]} {[%emt 00:00:04]} 51. Kg6 {[%clk 00:33:33]} {[%emt 00:00:03]}
Kg8 {[%clk 00:00:31]} {[%emt 00:00:04]} 52. Qg7# {[%clk 00:33:30]} {[%emt
00:00:08]} 1-0

[Event "Deutscher Mix-Teampokal U12 2025"]
[Site "Bad Homburg GER"]
[Date "2025.07.19"]
[Round "2"]
[White "Özdemir, Anna Valentina"]
[Black "Mishra, Aarna"]
[Result "1-0"]
[Termination "normal"]
[Board "1.4"]
[WhiteElo "1557"]
[BlackElo "1462"]
[WhiteClock "00:09:15"]
[BlackClock "00:00:20"]
[WhiteTeam "Düsseldorfer SK 14/25"]
[BlackTeam "SC Noris-Tarrasch Nürnberg 1873"]
[PlyCount "85"]
[WhiteFideId "34648712"]
[BlackFideId "533024804"]
[EventCountry "GER"]
[EventRounds "5"]
[EventType "team-swiss"]
[EventDate "2025.07.18"]

1. e4 {[%clk 00:55:08]} {[%emt 00:00:01]} d5 {[%clk 00:55:09]} {[%emt
00:00:02]} 2. exd5 {[%clk 00:55:03]} {[%emt 00:00:10]} Qxd5 {[%clk 00:55:07]}
{[%emt 00:00:07]} 3. Nc3 {[%clk 00:55:00]} {[%emt 00:00:08]} Qa5 {[%clk
00:55:04]} {[%emt 00:00:08]} 4. Bc4 {[%clk 00:54:23]} {[%emt 00:00:42]} Nf6
{[%clk 00:54:08]} {[%emt 00:01:01]} 5. Nf3 {[%clk 00:53:27]} {[%emt 00:00:59]}
Bg4 {[%clk 00:53:50]} {[%emt 00:00:23]} 6. h3 {[%clk 00:52:40]} {[%emt
00:00:53]} Bh5 {[%clk 00:53:47]} {[%emt 00:00:09]} 7. O-O {[%clk 00:51:59]}
{[%emt 00:00:45]} Bg6 {[%clk 00:52:01]} {[%emt 00:01:51]} 8. d4 {[%clk
00:50:44]} {[%emt 00:01:20]} Nbd7 {[%clk 00:50:34]} {[%emt 00:01:32]} 9. Bd2
{[%clk 00:47:32]} {[%emt 00:03:18]} c6 {[%clk 00:40:35]} {[%emt 00:09:56]} 10.
Re1 {[%clk 00:44:44]} {[%emt 00:02:57]} e6 {[%clk 00:39:16]} {[%emt 00:01:27]}
11. Ne5 {[%clk 00:35:55]} {[%emt 00:08:54]} Be7 {[%clk 00:28:58]} {[%emt
00:10:23]} 12. Nxd7 {[%clk 00:30:33]} {[%emt 00:05:27]} Nxd7 {[%clk 00:28:45]}
{[%emt 00:00:17]} 13. Bf4 {[%clk 00:27:40]} {[%emt 00:02:59]} O-O {[%clk
00:24:35]} {[%emt 00:04:14]} 14. Qe2 {[%clk 00:26:43]} {[%emt 00:00:49]} Bf5
{[%clk 00:17:49]} {[%emt 00:06:59]} 15. Bd3 {[%clk 00:25:48]} {[%emt 00:01:05]}
Rfe8 {[%clk 00:12:19]} {[%emt 00:05:32]} 16. Bxf5 {[%clk 00:24:46]} {[%emt
00:01:10]} Qxf5 {[%clk 00:11:35]} {[%emt 00:00:48]} 17. Qe3 {[%clk 00:22:04]}
{[%emt 00:02:43]} Rac8 {[%clk 00:09:06]} {[%emt 00:02:35]} 18. Ne4 {[%clk
00:21:22]} {[%emt 00:00:50]} b6 {[%clk 00:06:15]} {[%emt 00:02:57]} 19. Bd6
{[%clk 00:20:03]} {[%emt 00:01:23]} Qg6 {[%clk 00:04:01]} {[%emt 00:02:12]} 20.
c3 {[%clk 00:18:36]} {[%emt 00:01:39]} f5 {[%clk 00:02:07]} {[%emt 00:01:59]}
21. Bxe7 {[%clk 00:18:34]} {[%emt 00:00:07]} Rxe7 {[%clk 00:01:34]} {[%emt
00:00:39]} 22. Nd2 {[%clk 00:18:15]} {[%emt 00:00:23]} Nf6 {[%clk 00:00:57]}
{[%emt 00:00:43]} 23. Qd3 {[%clk 00:16:17]} {[%emt 00:01:41]} Rce8 {[%clk
00:00:34]} {[%emt 00:00:50]} 24. Nf3 {[%clk 00:15:28]} {[%emt 00:00:52]} Kf8
{[%clk 00:00:24]} {[%emt 00:00:17]} 25. Ne5 {[%clk 00:15:09]} {[%emt 00:00:22]}
Qh6 {[%clk 00:00:22]} {[%emt 00:00:08]} 26. Nxc6 {[%clk 00:14:44]} {[%emt
00:00:30]} Rd7 {[%clk 00:00:20]} {[%emt 00:00:07]} 27. Ne5 {[%clk 00:14:34]}
{[%emt 00:00:15]} Rde7 {[%clk 00:00:22]} {[%emt 00:00:03]} 28. Qa6 {[%clk
00:13:20]} {[%emt 00:01:19]} Kg8 {[%clk 00:00:18]} {[%emt 00:00:09]} 29. Nc6
{[%clk 00:13:03]} {[%emt 00:00:22]} Rd7 {[%clk 00:00:19]} {[%emt 00:00:05]} 30.
Nxa7 {[%clk 00:12:45]} {[%emt 00:00:22]} Rde7 {[%clk 00:00:20]} {[%emt
00:00:04]} 31. Qxb6 {[%clk 00:12:18]} {[%emt 00:00:33]} Kf8 {[%clk 00:00:22]}
{[%emt 00:00:03]} 32. Nc6 {[%clk 00:12:09]} {[%emt 00:00:13]} Rd7 {[%clk
00:00:23]} {[%emt 00:00:05]} 33. Qb4+ {[%clk 00:11:50]} {[%emt 00:00:22]} Kg8
{[%clk 00:00:24]} {[%emt 00:00:05]} 34. a4 {[%clk 00:11:20]} {[%emt 00:00:36]}
Kh8 {[%clk 00:00:27]} {[%emt 00:00:02]} 35. a5 {[%clk 00:11:18]} {[%emt
00:00:07]} Kg8 {[%clk 00:00:26]} {[%emt 00:00:06]} 36. a6 {[%clk 00:11:18]}
{[%emt 00:00:05]} Ra8 {[%clk 00:00:18]} {[%emt 00:00:12]} 37. Rxe6 {[%clk
00:10:27]} {[%emt 00:00:56]} Kf7 {[%clk 00:00:12]} {[%emt 00:00:11]} 38. Ne5+
{[%clk 00:10:18]} {[%emt 00:00:14]} Kg8 {[%clk 00:00:13]} {[%emt 00:00:04]} 39.
Nxd7 {[%clk 00:10:08]} {[%emt 00:00:15]} Nxd7 {[%clk 00:00:13]} {[%emt
00:00:05]} 40. Rxh6 {[%clk 00:09:58]} {[%emt 00:00:14]} gxh6 {[%clk 00:00:17]}
{[%emt 00:00:02]} 41. Qd6 {[%clk 00:09:22]} {[%emt 00:00:33]} Nf8 {[%clk
00:00:18]} {[%emt 00:00:12]} 42. Qd5+ {[%clk 00:09:15]} {[%emt 00:00:12]} Kg7
{[%clk 00:00:20]} {[%emt 00:00:03]} 43. Qxa8 {[%emt 00:00:23]} 1-0

[Event "Deutscher Mix-Teampokal U12 2025"]
[Site "Bad Homburg GER"]
[Date "2025.07.19"]
[Round "2"]
[White "Liu, Jonas"]
[Black "Riazi, Dominik"]
[Result "1-0"]
[Termination "normal"]
[Board "2.1"]
[WhiteElo "1723"]
[BlackElo "1671"]
[WhiteClock "00:00:42"]
[BlackClock "00:02:51"]
[WhiteTeam "SV Oberursel"]
[BlackTeam "SK Bad Homburg 1927"]
[PlyCount "155"]
[WhiteFideId "34660941"]
[BlackFideId "533002150"]
[EventCountry "GER"]
[EventRounds "5"]
[EventType "team-swiss"]
[EventDate "2025.07.18"]

1. e4 {[%clk 00:55:04]} {[%emt 00:00:05]} e5 {[%clk 00:55:10]} {[%emt
00:00:01]} 2. Nf3 {[%clk 00:54:49]} {[%emt 00:00:21]} Nc6 {[%clk 00:55:10]}
{[%emt 00:00:05]} 3. Bc4 {[%clk 00:54:39]} {[%emt 00:00:15]} Nf6 {[%clk
00:55:10]} {[%emt 00:00:04]} 4. d3 {[%clk 00:54:29]} {[%emt 00:00:16]} d5
{[%clk 00:55:07]} {[%emt 00:00:08]} 5. exd5 {[%clk 00:54:23]} {[%emt 00:00:11]}
Nxd5 {[%clk 00:55:00]} {[%emt 00:00:11]} 6. O-O {[%clk 00:54:17]} {[%emt
00:00:12]} Bc5 {[%clk 00:55:02]} {[%emt 00:00:02]} 7. Re1 {[%clk 00:53:48]}
{[%emt 00:00:35]} O-O {[%clk 00:54:16]} {[%emt 00:00:50]} 8. Nxe5 {[%clk
00:53:32]} {[%emt 00:00:22]} Nxe5 {[%clk 00:54:05]} {[%emt 00:00:16]} 9. Rxe5
{[%clk 00:53:25]} {[%emt 00:00:12]} Bxf2+ {[%clk 00:54:05]} {[%emt 00:00:04]}
10. Kxf2 {[%clk 00:53:14]} {[%emt 00:00:18]} Qh4+ {[%clk 00:53:48]} {[%emt
00:00:21]} 11. Kg1 {[%clk 00:52:24]} {[%emt 00:00:55]} Qd4+ {[%clk 00:53:33]}
{[%emt 00:00:19]} 12. Kh1 {[%clk 00:50:35]} {[%emt 00:01:55]} Qxe5 {[%clk
00:53:18]} {[%emt 00:00:20]} 13. d4 {[%clk 00:49:42]} {[%emt 00:00:58]} Qd6
{[%clk 00:52:17]} {[%emt 00:01:05]} 14. Nd2 {[%clk 00:46:40]} {[%emt 00:03:08]}
Ne3 {[%clk 00:51:00]} {[%emt 00:01:21]} 15. Qe2 {[%clk 00:43:01]} {[%emt
00:03:45]} Nxc2 {[%clk 00:49:38]} {[%emt 00:01:25]} 16. Ne4 {[%clk 00:42:21]}
{[%emt 00:00:47]} Nxd4 {[%clk 00:46:57]} {[%emt 00:02:45]} 17. Nxd6 {[%clk
00:40:04]} {[%emt 00:03:10]} Nxe2 {[%clk 00:46:57]} {[%emt 00:00:05]} 18. Nxc8
{[%clk 00:40:02]} {[%emt 00:00:07]} Re8 {[%clk 00:46:14]} {[%emt 00:00:46]} 19.
Bg5 {[%clk 00:36:56]} {[%emt 00:03:31]} Raxc8 {[%clk 00:45:32]} {[%emt
00:00:48]} 20. Rf1 {[%clk 00:35:10]} {[%emt 00:01:51]} Re5 {[%clk 00:42:56]}
{[%emt 00:02:39]} 21. Rxf7 {[%clk 00:28:49]} {[%emt 00:06:28]} Kh8 {[%clk
00:42:14]} {[%emt 00:00:46]} 22. h4 {[%clk 00:27:57]} {[%emt 00:00:58]} h6
{[%clk 00:39:45]} {[%emt 00:02:33]} 23. Be7 {[%clk 00:25:06]} {[%emt 00:02:56]}
Re8 {[%clk 00:36:14]} {[%emt 00:03:35]} 24. Bf8 {[%clk 00:24:18]} {[%emt
00:00:55]} Ng3+ {[%clk 00:32:36]} {[%emt 00:03:41]} 25. Kh2 {[%clk 00:24:08]}
{[%emt 00:00:16]} Nf5 {[%clk 00:32:22]} {[%emt 00:00:19]} 26. Bd3 {[%clk
00:20:42]} {[%emt 00:03:31]} Kg8 {[%clk 00:29:23]} {[%emt 00:03:04]} 27. Bc4
{[%clk 00:17:55]} {[%emt 00:02:52]} Nd6 {[%clk 00:28:56]} {[%emt 00:00:31]} 28.
Bxd6 {[%clk 00:10:55]} {[%emt 00:07:06]} cxd6 {[%clk 00:28:34]} {[%emt
00:00:26]} 29. Rxb7+ {[%clk 00:10:39]} {[%emt 00:00:21]} d5 {[%clk 00:28:31]}
{[%emt 00:00:08]} 30. Bb3 {[%clk 00:10:33]} {[%emt 00:00:11]} R8e7 {[%clk
00:25:49]} {[%emt 00:02:46]} 31. Rb8+ {[%clk 00:10:09]} {[%emt 00:00:31]} Kh7
{[%clk 00:25:43]} {[%emt 00:00:11]} 32. Bc2+ {[%clk 00:09:53]} {[%emt
00:00:21]} g6 {[%clk 00:25:44]} {[%emt 00:00:04]} 33. Rd8 {[%clk 00:08:43]}
{[%emt 00:01:13]} Re2 {[%clk 00:23:32]} {[%emt 00:02:17]} 34. Bd3 {[%clk
00:06:17]} {[%emt 00:02:32]} Rxb2 {[%clk 00:23:17]} {[%emt 00:00:19]} 35. h5
{[%clk 00:06:10]} {[%emt 00:00:13]} Rxa2 {[%clk 00:21:34]} {[%emt 00:01:48]}
36. Rxd5 {[%clk 00:05:30]} {[%emt 00:00:45]} a5 {[%clk 00:20:00]} {[%emt
00:01:39]} 37. Rd6 {[%clk 00:04:03]} {[%emt 00:01:33]} a4 {[%clk 00:16:26]}
{[%emt 00:03:39]} 38. Bxg6+ {[%clk 00:04:06]} {[%emt 00:00:03]} Kg7 {[%clk
00:15:37]} {[%emt 00:00:53]} 39. Bf5 {[%clk 00:03:38]} {[%emt 00:00:32]} Re5
{[%clk 00:13:11]} {[%emt 00:02:30]} 40. Rg6+ {[%clk 00:03:37]} {[%emt
00:00:08]} Kf7 {[%clk 00:12:57]} {[%emt 00:00:18]} 41. Bg4 {[%clk 00:03:15]}
{[%emt 00:00:28]} a3 {[%clk 00:07:34]} {[%emt 00:05:27]} 42. Rxh6 {[%clk
00:02:42]} {[%emt 00:00:40]} Ra1 {[%clk 00:06:30]} {[%emt 00:01:08]} 43. Ra6
{[%clk 00:01:23]} {[%emt 00:01:24]} a2 {[%clk 00:05:48]} {[%emt 00:00:47]} 44.
h6 {[%clk 00:01:00]} {[%emt 00:00:29]} Kg8 {[%clk 00:04:31]} {[%emt 00:01:21]}
45. Ra7 {[%clk 00:00:48]} {[%emt 00:00:18]} Rg5 {[%clk 00:02:59]} {[%emt
00:01:35]} 46. Be6+ {[%clk 00:00:49]} {[%emt 00:00:05]} Kh8 {[%clk 00:02:51]}
{[%emt 00:00:13]} 47. Rxa2 {[%clk 00:00:42]} {[%emt 00:00:12]} Rxa2 {[%clk
00:02:49]} {[%emt 00:00:07]} 48. Bxa2 {[%clk 00:00:46]} {[%emt 00:00:01]} Rh5+
{[%clk 00:02:48]} {[%emt 00:00:06]} 49. Kg3 {[%clk 00:00:49]} {[%emt 00:00:02]}
Rxh6 {[%clk 00:02:51]} {[%emt 00:00:02]} 50. Bd5 {[%clk 00:00:52]} {[%emt
00:00:02]} Kg7 {[%clk 00:02:50]} {[%emt 00:00:06]} 51. Bf3 {[%clk 00:00:56]}
{[%emt 00:00:02]} Kf6 {[%clk 00:02:52]} {[%emt 00:00:03]} 52. Kf2 {[%clk
00:00:59]} {[%emt 00:00:02]} Rh8 {[%clk 00:02:53]} {[%emt 00:00:03]} 53. Kg3
{[%clk 00:01:00]} {[%emt 00:00:04]} Rg8+ {[%clk 00:02:54]} {[%emt 00:00:03]}
54. Kf2 {[%clk 00:01:03]} {[%emt 00:00:03]} Ra8 {[%clk 00:02:55]} {[%emt
00:00:04]} 55. Bxa8 {[%clk 00:01:06]} {[%emt 00:00:02]} Kg5 {[%clk 00:02:58]}
{[%emt 00:00:03]} 56. Kf3 {[%clk 00:01:07]} {[%emt 00:00:03]} Kg6 {[%clk
00:03:00]} {[%emt 00:00:02]} 57. Kg4 {[%clk 00:01:11]} {[%emt 00:00:02]} Kg7
{[%clk 00:03:04]} {[%emt 00:00:01]} 58. Kg5 {[%clk 00:01:14]} {[%emt 00:00:02]}
Kg8 {[%clk 00:03:07]} {[%emt 00:00:02]} 59. g4 {[%clk 00:01:16]} {[%emt
00:00:04]} Kg7 {[%clk 00:03:09]} {[%emt 00:00:02]} 60. Be4 {[%clk 00:01:18]}
{[%emt 00:00:03]} Kg8 {[%clk 00:03:13]} {[%emt 00:00:02]} 61. Kg6 {[%clk
00:01:19]} {[%emt 00:00:03]} Kh8 {[%clk 00:03:17]} {[%emt 00:00:02]} 62. Kh6
{[%clk 00:01:20]} {[%emt 00:00:04]} Kg8 {[%clk 00:03:20]} {[%emt 00:00:01]} 63.
g5 {[%clk 00:01:24]} {[%emt 00:00:02]} Kh8 {[%clk 00:03:24]} {[%emt 00:00:02]}
64. g6 {[%clk 00:01:27]} {[%emt 00:00:01]} Kg8 {[%clk 00:03:27]} {[%emt
00:00:02]} 65. g7 {[%clk 00:01:30]} {[%emt 00:00:02]} Kf7 {[%clk 00:03:31]} 66.
Kh7 {[%clk 00:01:34]} {[%emt 00:00:02]} Ke6 {[%clk 00:03:35]} {[%emt 00:00:01]}
67. g8=Q+ {[%clk 00:01:35]} {[%emt 00:00:04]} Ke5 {[%clk 00:03:39]} 68. Qe8+
{[%clk 00:01:37]} {[%emt 00:00:04]} Kf4 {[%clk 00:03:43]} {[%emt 00:00:01]} 69.
Kg6 {[%clk 00:01:36]} {[%emt 00:00:07]} Kg3 {[%clk 00:03:46]} {[%emt 00:00:02]}
70. Qe5+ {[%clk 00:01:38]} {[%emt 00:00:02]} Kf2 {[%clk 00:03:49]} {[%emt
00:00:02]} 71. Qf4+ {[%clk 00:01:41]} {[%emt 00:00:02]} Ke2 {[%clk 00:03:52]}
{[%emt 00:00:02]} 72. Qf3+ {[%clk 00:01:45]} {[%emt 00:00:02]} Kd2 {[%clk
00:03:56]} {[%emt 00:00:02]} 73. Qd3+ {[%clk 00:01:47]} {[%emt 00:00:02]} Ke1
{[%clk 00:03:59]} {[%emt 00:00:02]} 74. Kf5 {[%clk 00:01:43]} {[%emt 00:00:10]}
Kf2 {[%clk 00:04:02]} {[%emt 00:00:01]} 75. Qf3+ {[%clk 00:01:43]} {[%emt
00:00:05]} Ke1 {[%clk 00:04:06]} {[%emt 00:00:01]} 76. Qg2 {[%clk 00:01:44]}
{[%emt 00:00:04]} Kd1 {[%clk 00:04:08]} {[%emt 00:00:03]} 77. Qf2 {[%clk
00:01:48]} {[%emt 00:00:02]} Kc1 {[%clk 00:04:11]} {[%emt 00:00:02]} 78. Qc2#
{[%emt 00:00:01]} 1-0